Normal view
MARC view
- GAONKAR, RAMESH S
Entry Personal Name
001 - CONTROL NUMBER
- control field: 64658
003 - CONTROL NUMBER IDENTIFIER
- control field: NUST
005 - DATE AND TIME OF LATEST TRANSACTION
- control field: 20210628203319.0
008 - FIXED-LENGTH DATA ELEMENTS
- fixed length control field: 210628|| aca||aabn | a|a d
040 ## - CATALOGING SOURCE
- Original cataloging agency: NUST
- Transcribing agency: NUST
100 ## - HEADING--PERSONAL NAME
- Personal name: GAONKAR, RAMESH S
670 ## - SOURCE DATA FOUND
- Source citation: Work cat.: (NUST): GAONKAR, RAMESH S, MICROPROCESSOR ARCHITECURE PROGRAMMING AND APPLICATIONS , WITH THE 8085/8080 A, 1992
